| 000 -LEADER |
| fixed length control field |
01445 a2200265 4500 |
| 003 - CONTROL NUMBER IDENTIFIER |
| control field |
Nust |
| 005 - DATE AND TIME OF LATEST TRANSACTION |
| control field |
20221228122734.0 |
| 010 ## - LIBRARY OF CONGRESS CONTROL NUMBER |
| LC control number |
90004045 |
| 020 ## - INTERNATIONAL STANDARD BOOK NUMBER |
| International Standard Book Number |
0792390717 |
| 040 ## - CATALOGING SOURCE |
| Transcribing agency |
Nust |
| 082 00 - DEWEY DECIMAL CLASSIFICATION NUMBER |
| Classification number |
621.395,INT |
| 245 00 - TITLE STATEMENT |
| Title |
Introduction to analog VLSI design automation / |
| Statement of responsibility, etc. |
edited by Mohammed Ismail and Jose Franca. |
| 260 ## - PUBLICATION, DISTRIBUTION, ETC. |
| Place of publication, distribution, etc. |
Boston : |
| Name of publisher, distributor, etc. |
Kluwer Academic Publishers, |
| Date of publication, distribution, etc. |
c1990. |
| 300 ## - PHYSICAL DESCRIPTION |
| Extent |
xi, 184 p. : |
| Other physical details |
ill. ; |
| Dimensions |
25 cm. |
| 490 1# - SERIES STATEMENT |
| Series statement |
The Kluwer international series in engineering and computer science ; |
| Volume/sequential designation |
SECS 95. |
| Series statement |
VLSI, computer architecture, and digital signal processing |
| 505 ## - FORMATTED CONTENTS NOTE |
| Formatted contents note |
Analog Integrated Circuit Design Conceptualization(Page-1), Expert System for Parametrized Analog Cells (Page-29), Automated Design of Operational Amplifiers (Page-45), Automation of Analog Design Procedures (Page-79) ,Analog Design Tools for High Frequency Applications (Page-113), Silicon Compiler Technology for SC Filters (Page-151) ,CAD Compatible Analog Systems Design (Page-163) , |
| 650 #0 - SUBJECT ADDED ENTRY--TOPICAL TERM |
| Topical term or geographic name entry element |
Computer-aided design. |
| 650 #0 - SUBJECT ADDED ENTRY--TOPICAL TERM |
| Topical term or geographic name entry element |
Integrated circuits |
| General subdivision |
Very large scale integration |
| -- |
Design and construction. |
| 9 (RLIN) |
55710 |
| 650 #0 - SUBJECT ADDED ENTRY--TOPICAL TERM |
| Topical term or geographic name entry element |
Neural computers. |
| 9 (RLIN) |
36919 |
| 700 1# - ADDED ENTRY--PERSONAL NAME |
| Personal name |
Franca, Jos�e. |
| 9 (RLIN) |
106193 |
| 700 1# - ADDED ENTRY--PERSONAL NAME |
| Personal name |
Ismail, Mohammed. |
| 9 (RLIN) |
106194 |
| 830 #0 - SERIES ADDED ENTRY--UNIFORM TITLE |
| Uniform title |
Kluwer international series in engineering and computer science ; |
| 9 (RLIN) |
82222 |
| 830 #0 - SERIES ADDED ENTRY--UNIFORM TITLE |
| Uniform title |
Kluwer international series in engineering and computer science. |
| 9 (RLIN) |
82222 |
| 942 ## - ADDED ENTRY ELEMENTS (KOHA) |
| Source of classification or shelving scheme |
|
| Koha item type |
Book |